[Event "Aeroflot Open 2012 B"]
[Site "Moscow"]
[Date "2012.02.13"]
[Round "7"]
[White "Alavkin, Arseny"]
[Black "Pasiev, Rakhim"]
[Result "1-0"]
[WhiteElo "2383"]
[BlackElo "2312"]
[PlyCount "73"]
[EventDate "2012.02.07"]
[EventType "swiss"]

1. e4 c5 2. c3 d5 3. exd5 Qxd5 4. d4 Nf6 5. Nf3 Bg4 6. dxc5 Qxd1+ 7. Kxd1 e5 8.
b4 e4 9. h3 Bh5 10. g4 Nxg4 11. hxg4 Bxg4 12. Nbd2 exf3 13. Bd3 Nc6 14. Re1+
Be7 15. Kc2 Kf8 16. Bb2 Bh4 17. Rh1 Bf6 18. Rag1 Ne5 19. Be4 Rd8 20. c4 Be6 21.
Nxf3 Nxf3 22. Bxf3 Bf5+ 23. Kc1 Bxb2+ 24. Kxb2 Rd2+ 25. Ka1 Rxf2 26. Bxb7 g6
27. Bd5 Kg7 28. b5 Be6 29. Bxe6 fxe6 30. Rd1 h5 31. Rd7+ Rf7 32. Rhd1 h4 33. c6
h3 34. c5 h2 35. Rh1 Rh5 36. Rxf7+ Kxf7 37. b6 1-0

[Event "Aeroflot Open 2012 B"]
[Site "Moscow"]
[Date "2012.02.13"]
[Round "7"]
[White "Severina, Maria"]
[Black "Belyakov, Bogdan"]
[Result "1/2-1/2"]
[WhiteElo "2185"]
[BlackElo "2375"]
[PlyCount "79"]
[EventDate "2012.02.07"]
[EventType "swiss"]

1. d4 d6 2. Nf3 Nd7 3. e4 e5 4. Bc4 c6 5. dxe5 dxe5 6. c3 Be7 7. Qb3 Nc5 8. Qc2
Bf6 9. Nbd2 Ne7 10. Nf1 Ng6 11. Ng3 Bg4 12. Be3 Ne6 13. Nf5 Ngf4 14. Rg1 O-O
15. Nd2 b5 16. Bf1 Bxf5 17. exf5 Nc7 18. O-O-O Nfd5 19. Ne4 Nxe3 20. Rxd8 Nxc2
21. Nxf6+ gxf6 22. Rxa8 Rxa8 23. Kxc2 Ne8 24. g4 Kf8 25. Rg3 Rd8 26. Bg2 c5 27.
Bc6 Nc7 28. Rh3 Kg7 29. a4 a6 30. axb5 axb5 31. Rd3 Rxd3 32. Kxd3 Kf8 33. c4 b4
34. Ke4 Ke7 35. f4 Kd6 36. Bb7 h6 37. fxe5+ fxe5 38. h4 f6 39. Kf3 Ke7 40. Bc6
1/2-1/2

[Event "Aeroflot Open 2012 B"]
[Site "Moscow"]
[Date "2012.02.13"]
[Round "7"]
[White "Kharmunova, Nadejda"]
[Black "Gagarin, Vasilij"]
[Result "0-1"]
[WhiteElo "2215"]
[BlackElo "2417"]
[PlyCount "110"]
[EventDate "2012.02.07"]
[EventType "swiss"]

1. e4 c5 2. Nf3 d6 3. d4 cxd4 4. Nxd4 Nf6 5. Nc3 a6 6. h3 e6 7. g4 d5 8. e5
Nfd7 9. Bf4 g5 10. Bg3 Bg7 11. Qe2 Nc6 12. Nf3 d4 13. Ne4 Ndxe5 14. O-O-O Qd5
15. c4 Nxc4 16. Qxc4 Qxe4 17. Bg2 Na5 18. Qc2 Qxc2+ 19. Kxc2 Nc6 20. Nxg5 O-O
21. f4 Rd8 22. Ne4 Nb4+ 23. Kb1 Nd5 24. Rhe1 Bd7 25. Rd2 Bc6 26. Bh4 Rd7 27. f5
Ne3 28. Bh1 e5 29. Nf6+ Bxf6 30. Bxf6 Bxh1 31. Rxh1 d3 32. b3 e4 33. Re1 Nd5
34. Bb2 Re7 35. h4 Ree8 36. g5 Nf4 37. Bd4 Ne2 38. Be3 Rac8 39. Kb2 Rc6 40. b4
Rec8 41. Bc5 b6 42. Be3 Rc2+ 43. Rxc2 Rxc2+ 44. Kb3 b5 45. h5 Rc3+ 46. Kb2 Rc4
47. Kb3 Ng3 48. f6 Nf5 49. Bc5 d2 50. Rd1 Nd4+ 51. Bxd4 Rxd4 52. Kc3 e3 53.
Kxd4 e2 54. Rxd2 e1=Q 55. Kc3 h6 0-1

[Event "Aeroflot Open 2012 B"]
[Site "Moscow"]
[Date "2012.02.13"]
[Round "7"]
[White "Kerigan, Demre"]
[Black "Inants, Aghasi"]
[Result "1-0"]
[WhiteElo "2184"]
[BlackElo "2347"]
[PlyCount "49"]
[EventDate "2012.02.07"]
[EventType "swiss"]

1. e4 c5 2. Nf3 e6 3. d4 cxd4 4. Nxd4 a6 5. c4 Nf6 6. Nc3 Bb4 7. Bd3 Nc6 8.
Nde2 d5 9. cxd5 exd5 10. exd5 Nxd5 11. O-O Nxc3 12. bxc3 Bd6 13. Bf4 Bxf4 14.
Nxf4 O-O 15. Qh5 h6 16. Rad1 Qc7 17. Nd5 Qa5 18. Rfe1 Qxa2 19. Nf6+ Kh8 20. Nh7
Rd8 21. Ng5 Kg8 22. Bb1 Rxd1 23. Qxd1 Bg4 24. Qxg4 Qd2 25. Qe4 1-0

[Event "Aeroflot Open 2012 B"]
[Site "Moscow"]
[Date "2012.02.13"]
[Round "7"]
[White "Chubar, Vladimir"]
[Black "Korchmar, Vasiliy"]
[Result "0-1"]
[WhiteElo "2078"]
[BlackElo "2263"]
[PlyCount "110"]
[EventDate "2012.02.07"]
[EventType "swiss"]

1. Nf3 Nf6 2. d4 g6 3. Bg5 Bg7 4. Nbd2 O-O 5. e4 d5 6. Bd3 c5 7. e5 Nfd7 8. c3
Nc6 9. O-O Qb6 10. Rb1 cxd4 11. cxd4 f6 12. exf6 Nxf6 13. Qb3 Qxb3 14. Nxb3 Nb4
15. Nc1 Nxd3 16. Nxd3 Bf5 17. Rbd1 h6 18. Bc1 Rac8 19. Nh4 Bxd3 20. Rxd3 Kh7
21. Nf3 Ne4 22. Rb3 Rc7 23. Be3 Nd6 24. h4 Rc2 25. Rc1 Rxc1+ 26. Bxc1 b6 27.
Rc3 Nb5 28. Rd3 Rc8 29. Be3 Rc2 30. a4 Nd6 31. b3 Ne4 32. Ne5 Bxe5 33. dxe5 e6
34. b4 Rb2 35. a5 Rxb4 36. axb6 axb6 37. Ra3 g5 38. f3 Ng3 39. hxg5 hxg5 40.
Bxg5 Kg6 41. Be7 Rb2 42. Kh2 Nf5 43. Bf6 d4 44. Kh3 Ne3 45. Rd3 Rb1 46. g4 Rd1
47. Rb3 d3 48. Rxb6 d2 49. Rxe6 Rh1+ 50. Kg3 d1=Q 51. Bg5+ Kf7 52. Rf6+ Kg7 53.
Bxe3 Qe2 54. Kf4 Rf1 55. Ke4 Re1 0-1

[Event "Aeroflot Open 2012 B"]
[Site "Moscow"]
[Date "2012.02.14"]
[Round "8"]
[White "Oparin, Grigoriy"]
[Black "Reshetnikov, Alexey"]
[Result "1/2-1/2"]
[WhiteElo "2466"]
[BlackElo "2514"]
[PlyCount "49"]
[EventDate "2012.02.07"]
[EventType "swiss"]

1. e4 c5 2. Nf3 Nc6 3. d4 cxd4 4. Nxd4 Qc7 5. Nc3 e6 6. Be2 a6 7. O-O Nf6 8.
Be3 Bb4 9. Na4 Be7 10. Nxc6 bxc6 11. Nb6 Rb8 12. Nxc8 Qxc8 13. Bd4 O-O 14. e5
Nd5 15. c4 Nf4 16. Bf3 Qc7 17. Re1 Ng6 18. c5 f6 19. exf6 Bxf6 20. Be4 Nf4 21.
a3 a5 22. Rb1 Bxd4 23. Qxd4 Nd5 24. g3 Qd8 25. Bxd5 1/2-1/2

[Event "Aeroflot Open 2012 B"]
[Site "Moscow"]
[Date "2012.02.14"]
[Round "8"]
[White "Wen, Yang"]
[Black "Kalegin, Evgenij"]
[Result "1-0"]
[WhiteElo "2543"]
[BlackElo "2462"]
[PlyCount "45"]
[EventDate "2012.02.07"]
[EventType "swiss"]

1. d4 d6 2. e4 a6 3. g3 Nf6 4. Bg2 Nbd7 5. Ne2 e5 6. O-O Be7 7. c4 b5 8. Nbc3
c6 9. c5 Bb7 10. cxd6 Bxd6 11. f4 exd4 12. Nxd4 Bc5 13. Be3 Nb6 14. e5 Nfd5 15.
Nxd5 Nxd5 16. Bf2 Qb6 17. Rc1 O-O-O 18. Qg4+ Rd7 19. Nxc6 Ne3 20. Qxg7 Re8 21.
b4 Nxg2 22. Rxc5 Bxc6 23. Rfc1 1-0

[Event "Aeroflot Open 2012 B"]
[Site "Moscow"]
[Date "2012.02.14"]
[Round "8"]
[White "Grishchenko, Sergey"]
[Black "Potapov, Pavel"]
[Result "1/2-1/2"]
[WhiteElo "2489"]
[BlackElo "2468"]
[PlyCount "222"]
[EventDate "2012.02.07"]
[EventType "swiss"]

1. d4 f5 2. c4 Nf6 3. Nc3 g6 4. h4 d6 5. h5 Nxh5 6. e4 fxe4 7. g4 Nf6 8. g5
Nfd7 9. Bg2 Bg7 10. Bxe4 Nf8 11. Be3 Nc6 12. d5 Ne5 13. f4 Nf7 14. Qc2 Bd7 15.
Nf3 c5 16. dxc6 Bxc6 17. Nd4 Bxe4 18. Qxe4 Qd7 19. Nd5 Rc8 20. b3 Nd8 21. Nf6+
Bxf6 22. gxf6 Nde6 23. f5 Nc5 24. fxg6 hxg6 25. f7+ Kxf7 26. Qf3+ Kg8 27. Rxh8+
Kxh8 28. O-O-O Kg8 29. Bh6 e6 30. Nb5 Qh7 31. Bf4 d5 32. Nd6 Rd8 33. cxd5 exd5
34. Qxd5+ Nce6 35. Rh1 Qc7+ 36. Kb2 Qc6 37. Be5 Rxd6 38. Rh8+ Kf7 39. Qxd6 Qxd6
40. Bxd6 g5 41. Bxf8 Nxf8 42. Kc3 Kg7 43. Rh1 Ne6 44. Kd3 Kg6 45. Ke4 Nc5+ 46.
Kf3 Kf5 47. Rh7 a5 48. Rc7 b6 49. Rc6 g4+ 50. Ke3 Nd7 51. Rd6 Nf6 52. Ke2 Ne4
53. Rxb6 Nc3+ 54. Kf2 Nxa2 55. Rb5+ Ke4 56. Rxa5 Nc1 57. Rb5 Kd4 58. Rb8 Nd3+
59. Ke2 Nf4+ 60. Kd2 g3 61. Rg8 g2 62. Rg3 Ke4 63. Kc2 Nd5 64. Kd2 Nf4 65. Ke1
Kd4 66. Kd1 Ke4 67. Kd2 Kd4 68. Kc2 Nd5 69. Rg4+ Kc5 70. Kd2 Nf4 71. Ke3 Nd5+
72. Kd3 Kb5 73. Kd2 Nf4 74. Kc2 Nd5 75. Rg5 Kb4 76. Rg4+ Kb5 77. Kb2 Ne3 78.
Rg3 Kb4 79. Ka2 Kb5 80. Ka3 Nc2+ 81. Kb2 Ne3 82. Kc3 Nd5+ 83. Kc2 Kb4 84. Rg4+
Kb5 85. Kd3 Kc5 86. Rg5 Kb4 87. Rg3 Nf4+ 88. Kc2 Nd5 89. Rg4+ Kb5 90. Kd2 Nf4
91. Kd1 Kc5 92. Kd2 Kb5 93. Ke3 Nd5+ 94. Kd4 Nf4 95. Ke4 Ne6 96. Kd3 Nf4+ 97.
Kc2 Nd5 98. Kd2 Nf4 99. Kd1 Kc5 100. b4+ Kb5 101. Kc2 Ka4 102. Kb2 Nd5 103.
Rxg2 Kxb4 104. Rc2 Nb6 105. Rc7 Na4+ 106. Kc2 Nc5 107. Kd2 Kc4 108. Ke3 Kd5
109. Rh7 Kc4 110. Rh1 Kd5 111. Rd1+ Ke5 1/2-1/2

[Event "Aeroflot Open 2012 B"]
[Site "Moscow"]
[Date "2012.02.14"]
[Round "8"]
[White "Kopylov, Alexander A"]
[Black "Mikhalevski, Victor"]
[Result "1/2-1/2"]
[WhiteElo "2440"]
[BlackElo "2525"]
[PlyCount "128"]
[EventDate "2012.02.07"]
[EventType "swiss"]

1. c4 e5 2. Nc3 Nf6 3. Nf3 Nc6 4. e3 g6 5. d4 d6 6. dxe5 Nxe5 7. Nxe5 dxe5 8.
b3 Qxd1+ 9. Nxd1 Bb4+ 10. Ke2 Be6 11. a3 Ba5 12. Bb2 Nd7 13. f3 O-O-O 14. Kf2
c6 15. b4 Bc7 16. Bc3 f5 17. Nb2 Rhf8 18. Rd1 e4 19. f4 g5 20. g3 gxf4 21. gxf4
Nf6 22. h3 Rxd1 23. Nxd1 Bd8 24. Be2 Rg8 25. Rg1 Rxg1 26. Kxg1 c5 27. Kf2 Nd7
28. Ke1 Bh4+ 29. Kd2 b6 30. Bg7 cxb4 31. axb4 a5 32. Bc3 Bd8 33. Nb2 axb4 34.
Bxb4 Nc5 35. Bxc5 bxc5 36. Na4 Ba5+ 37. Kc2 Bf7 38. Nc3 Kd7 39. Nd5 Ke6 40. Kb3
Be1 41. Kc2 h5 42. Kd1 Ba5 43. Kc2 h4 44. Nc3 Be8 45. Bd1 Kd6 46. Kb2 Bf7 47.
Kb3 Kc6 48. Be2 Bb4 49. Kc2 Ba5 50. Kb3 Bd8 51. Bd1 Kb7 52. Be2 Ka6 53. Nd5 Ka5
54. Bd1 Bg6 55. Kb2 Bf7 56. Kb1 Be8 57. Nc3 Ka6 58. Ba4 Bg6 59. Bd7 Ka5 60. Kb2
Bh7 61. Be6 Bg6 62. Kb1 Ka6 63. Kc2 Ka5 64. Bd7 Bh7 1/2-1/2

[Event "Aeroflot Open 2012 B"]
[Site "Moscow"]
[Date "2012.02.14"]
[Round "8"]
[White "Badmatsyrenov, Oleg"]
[Black "Minasian, Artashes"]
[Result "1-0"]
[WhiteElo "2445"]
[BlackElo "2525"]
[PlyCount "85"]
[EventDate "2012.02.07"]
[EventType "swiss"]

1. e4 e6 2. Qe2 c5 3. b3 Nc6 4. Bb2 d6 5. f4 e5 6. Nf3 exf4 7. Nc3 Nge7 8. Nd5
Ng6 9. O-O-O Bg4 10. Qb5 Qd7 11. Qa4 Rc8 12. h3 Be6 13. d4 cxd4 14. Nxd4 Bxd5
15. exd5 Nxd4 16. Qxd4 Ne5 17. Qxf4 Be7 18. Bd3 g6 19. Kb1 O-O 20. h4 h5 21.
Rde1 Qg4 22. Qxg4 hxg4 23. Bxe5 dxe5 24. Rxe5 Bd6 25. Rg5 g3 26. Rg4 Kg7 27. h5
g5 28. Rxg5+ Kh6 29. Rg4 Rg8 30. Rxg8 Rxg8 31. Rf1 Kxh5 32. Rxf7 Re8 33. Kb2
Re7 34. Rf1 Rg7 35. c4 Bc5 36. Kc3 a5 37. Rf3 Bf2 38. d6 Rd7 39. Rf5+ Kg4 40.
Rd5 Kf4 41. Bf5 Rd8 42. Kd3 Rf8 43. c5 1-0

[Event "Aeroflot Open 2012 B"]
[Site "Moscow"]
[Date "2012.02.14"]
[Round "8"]
[White "Iljushin, Alexei"]
[Black "Vaibhav, Suri"]
[Result "0-1"]
[WhiteElo "2523"]
[BlackElo "2448"]
[PlyCount "66"]
[EventDate "2012.02.07"]
[EventType "swiss"]

1. d4 Nf6 2. c4 e6 3. g3 d5 4. Bg2 dxc4 5. Nf3 a6 6. O-O Nc6 7. e3 Rb8 8. Qe2
b5 9. b3 cxb3 10. axb3 Bd6 11. Bb2 Nb4 12. Ne5 Bb7 13. Bxb7 Rxb7 14. Rc1 O-O
15. Nc6 Qa8 16. Nxb4 Bxb4 17. Ba3 Bxa3 18. Rxa3 Rc8 19. Nd2 Rb6 20. b4 Nd5 21.
Rb1 Rc6 22. Qd3 Rd8 23. Rab3 e5 24. e4 Nf6 25. Nf3 Rc4 26. Re1 h6 27. Qe2 exd4
28. e5 Re8 29. Qd3 Nd7 30. e6 Rxe6 31. Rxe6 fxe6 32. Rb1 Qd5 33. Nd2 Ne5 0-1

[Event "Aeroflot Open 2012 B"]
[Site "Moscow"]
[Date "2012.02.14"]
[Round "8"]
[White "Wan, Yunguo"]
[Black "Gavrilov, Alexei"]
[Result "0-1"]
[WhiteElo "2428"]
[BlackElo "2498"]
[PlyCount "104"]
[EventDate "2012.02.07"]
[EventType "swiss"]

1. e4 e5 2. Nf3 Nc6 3. d4 exd4 4. Bc4 Bc5 5. O-O d6 6. h3 Be6 7. Bb5 Nge7 8.
Nxd4 O-O 9. Nxe6 fxe6 10. Nc3 Ng6 11. Na4 Bb6 12. Nxb6 axb6 13. f4 Qe7 14. Be3
Kh8 15. c3 d5 16. Bd3 Rad8 17. Qh5 Qe8 18. exd5 Rxd5 19. Qe2 Rd6 20. Rae1 Nce7
21. Bc1 Nf5 22. Kh2 Qd8 23. Bc4 c6 24. Bxe6 Re8 25. Qc4 b5 26. Qb3 Qh4 27. Kg1
Qg3 28. Qc2 Ngh4 29. Bxf5 Rxe1 30. Bg4 g6 31. Qf2 Qxf2+ 32. Kxf2 Rxf1+ 33. Kxf1
h5 34. Be2 Nf5 35. Ke1 h4 36. b3 Kh7 37. Ba3 Rf6 38. Bf3 Ne3 39. Kd2 Nd5 40. c4
bxc4 41. bxc4 Nb6 42. Be7 Rxf4 43. c5 Nd5 44. Bg5 Ra4 45. Kd3 Rxa2 46. Kd4 Ra4+
47. Ke5 Nc3 48. Be7 Rc4 49. Bg4 Na4 50. Be2 Rc1 51. Kd4 Re1 52. Kd3 Nc3 0-1

[Event "Aeroflot Open 2012 B"]
[Site "Moscow"]
[Date "2012.02.14"]
[Round "8"]
[White "Firat, Burak"]
[Black "Shyam, Nikil P"]
[Result "0-1"]
[WhiteElo "2396"]
[BlackElo "2482"]
[PlyCount "90"]
[EventDate "2012.02.07"]
[EventType "swiss"]

1. e4 e6 2. d4 d5 3. Nc3 Nf6 4. e5 Nfd7 5. f4 c5 6. Nf3 Nc6 7. Be3 Qb6 8. Na4
Qa5+ 9. c3 cxd4 10. b4 Nxb4 11. cxb4 Bxb4+ 12. Bd2 Bxd2+ 13. Nxd2 O-O 14. Bd3
b5 15. Nb2 Nb6 16. O-O Nc4 17. Bxh7+ Kxh7 18. Qh5+ Kg8 19. Nf3 f6 20. exf6 Qc7
21. Ne5 Rxf6 22. Ng6 Rxg6 23. Qxg6 Bd7 24. Nd3 Rf8 25. Ne5 Rf6 26. Qd3 Nxe5 27.
fxe5 Qxe5 28. Rae1 Rxf1+ 29. Qxf1 Qg5 30. Qe2 a5 31. Qc2 Qf4 32. Qc5 d3 33. Rf1
Qe4 34. Qf2 Kh7 35. Re1 Qc4 36. Qf3 Qd4+ 37. Qf2 Qc4 38. Qf3 b4 39. Kh1 e5 40.
Qh5+ Kg8 41. Rf1 d4 42. Qg5 Qe6 43. Re1 Qf6 44. Qd2 e4 45. Kg1 e3 0-1

[Event "Aeroflot Open 2012 B"]
[Site "Moscow"]
[Date "2012.02.14"]
[Round "8"]
[White "Kunin, Vitaly"]
[Black "Tunik, Gennady"]
[Result "0-1"]
[WhiteElo "2537"]
[BlackElo "2406"]
[PlyCount "116"]
[EventDate "2012.02.07"]
[EventType "swiss"]

1. Nf3 Nf6 2. c4 e6 3. Nc3 Bb4 4. Qc2 c5 5. a3 Ba5 6. g4 d6 7. g5 Nfd7 8. h4
Nc6 9. b3 Bxc3 10. Qxc3 e5 11. Bb2 Nf8 12. e3 Ne6 13. Bd3 b6 14. Be4 Bb7 15. d3
Qd7 16. Qc2 Ne7 17. Nd2 f6 18. gxf6 gxf6 19. d4 cxd4 20. exd4 Nxd4 21. Bxd4
exd4 22. Bxb7 Qxb7 23. O-O-O d5 24. Kb2 O-O-O 25. Rhg1 Ng6 26. c5 d3 27. Qc3
bxc5 28. Qxc5+ Kb8 29. Rg4 Rc8 30. Qe3 Ka8 31. Rb4 Qc6 32. Qxd3 Ne5 33. Qf5
Qc3+ 34. Kb1 Nd3 35. Qxd5+ Rc6 36. Nc4 Nxb4 37. axb4 Qxb3+ 38. Nb2 Qxd5 39.
Rxd5 Re8 40. Nd3 Rc4 41. h5 Re2 42. f4 Rh2 43. Rd8+ Kb7 44. Rd7+ Kb6 45. Rd6+
Kc7 46. Rxf6 Rd4 47. Rf7+ Kb6 48. Rf6+ Kb5 49. Rf5+ Kc4 50. Nc1 Kxb4 51. Rf7
Rh1 52. Rb7+ Kc3 53. Rb3+ Kc4 54. Rb7 Rdd1 55. Rc7+ Kd5 56. f5 Rxc1+ 57. Rxc1
Rxc1+ 58. Kxc1 Ke5 0-1

[Event "Aeroflot Open 2012 B"]
[Site "Moscow"]
[Date "2012.02.14"]
[Round "8"]
[White "Garcia, Jan Emmanuel"]
[Black "Kislinsky, Alexey"]
[Result "0-1"]
[WhiteElo "2409"]
[BlackElo "2535"]
[PlyCount "155"]
[EventDate "2012.02.07"]
[EventType "swiss"]

1. c4 g6 2. g3 Bg7 3. Bg2 Nf6 4. Nc3 O-O 5. e3 e5 6. Nge2 Re8 7. d3 c6 8. e4
Na6 9. O-O Nc7 10. f4 exf4 11. Nxf4 d6 12. h3 Ne6 13. Kh2 Nxf4 14. Bxf4 Nh5 15.
Be3 f5 16. Qd2 Be5 17. Rf3 fxe4 18. Nxe4 Bf5 19. Nf2 d5 20. cxd5 Qd6 21. Nh1
cxd5 22. Raf1 Rac8 23. Bh6 Ng7 24. Bf4 Bxf4 25. Qxf4 Qxf4 26. Rxf4 Red8 27. Rd4
Be6 28. g4 g5 29. Rf2 b6 30. Ng3 Rf8 31. Nf5 Nxf5 32. gxf5 Kg7 33. Re2 Bxf5 34.
Rxd5 Rc7 35. d4 h6 36. Rd6 Rf6 37. Rd8 Bd3 38. Rd2 Bb5 39. d5 Rd7 40. Rc8 a5
41. Rdc2 Kf7 42. Kg3 Ba6 43. R8c6 Bb7 44. Rc7 Rfd6 45. Rxd7+ Rxd7 46. Rf2+ Kg7
47. Rf5 Rd6 48. Be4 Bc8 49. Rf2 Bd7 50. Rc2 Kf6 51. Bf3 Bb5 52. Rc7 Be8 53. Be4
Bf7 54. Rc2 Ke5 55. Bg2 Rf6 56. Re2+ Kd6 57. Rc2 Be8 58. Rc8 Bd7 59. Rb8 Kc5
60. Rb7 Rd6 61. Rc7+ Kd4 62. Bf3 Bb5 63. b3 Bd3 64. Kg4 Rf6 65. Rc6 h5+ 66. Kg3
h4+ 67. Kf2 Ke5 68. Rxf6 Kxf6 69. Ke3 Bf5 70. Bg2 Ke5 71. a3 Bc2 72. b4 a4 73.
Bf3 Bb3 74. d6 Kxd6 75. Kd4 Be6 76. Bg2 g4 77. hxg4 Bxg4 78. Ke3 0-1

[Event "Aeroflot Open 2012 B"]
[Site "Moscow"]
[Date "2012.02.14"]
[Round "8"]
[White "Kotanjian, Tigran"]
[Black "Krapivin, Alexander"]
[Result "1-0"]
[WhiteElo "2533"]
[BlackElo "2445"]
[PlyCount "163"]
[EventDate "2012.02.07"]
[EventType "swiss"]

1. d4 d5 2. c4 e6 3. Nc3 Nf6 4. Nf3 Be7 5. Bg5 O-O 6. e3 b6 7. Bd3 Bb7 8. O-O
dxc4 9. Bxc4 Ne4 10. Nxe4 Bxe4 11. Bxe7 Qxe7 12. Rc1 Nd7 13. Bb5 c5 14. Bxd7
Qxd7 15. Ng5 Bd5 16. dxc5 Qe7 17. Nh3 bxc5 18. Nf4 Bxa2 19. Qa4 e5 20. Nd3 c4
21. Nxe5 Qxe5 22. Qxa2 Rfb8 23. Rc2 h6 24. Rb1 Rb5 25. Rxc4 Rab8 26. Qxa7 Rxb2
27. Rxb2 Rxb2 28. Qa8+ Kh7 29. g3 Qe6 30. Rf4 Rb5 31. Kg2 Rd5 32. h4 Rf5 33.
Rxf5 Qxf5 34. Qf3 Qe6 35. h5 g6 36. hxg6+ Kxg6 37. g4 f6 38. Kg3 Qe7 39. Qf5+
Kg7 40. Qd5 Qc7+ 41. f4 Qa7 42. Qd4 Qc7 43. Kh4 Qe7 44. Kg3 Qc7 45. e4 Qc1 46.
Qa7+ Kg8 47. Qf2 Kg7 48. Qe2 Qg1+ 49. Kf3 Qh1+ 50. Kf2 Qh2+ 51. Ke3 Qg3+ 52.
Qf3 Qe1+ 53. Kd3 Kg6 54. Kc4 Qc1+ 55. Kd3 Qe1 56. e5 Qb1+ 57. Kc4 Qc2+ 58. Kd4
fxe5+ 59. fxe5 Qb2+ 60. Ke4 Qb4+ 61. Ke3 Qe1+ 62. Kf4 Qd2+ 63. Qe3 Qh2+ 64. Ke4
Qh1+ 65. Kd4 Qa1+ 66. Ke4 Qh1+ 67. Kd4 Qa1+ 68. Qc3 Qg1+ 69. Kd5 Qxg4 70. Qc6+
Kh5 71. e6 Qf5+ 72. Kd6 Qf4+ 73. Kd7 Qd4+ 74. Qd6 Qa7+ 75. Ke8 Qa8+ 76. Qd8
Qc6+ 77. Kf7 Qb7+ 78. Qe7 Qd5 79. Qf6 Kg4 80. Kg7 h5 81. e7 Qb7 82. Qf7 1-0

[Event "Aeroflot Open 2012 B"]
[Site "Moscow"]
[Date "2012.02.14"]
[Round "8"]
[White "Matinian, Nikita"]
[Black "Grover, Sahaj"]
[Result "1-0"]
[WhiteElo "2438"]
[BlackElo "2532"]
[PlyCount "51"]
[EventDate "2012.02.07"]
[EventType "swiss"]

1. c4 e5 2. Nc3 Nf6 3. g3 d5 4. cxd5 Nxd5 5. Bg2 Nb6 6. e3 Nc6 7. Nge2 Be7 8.
O-O O-O 9. f4 exf4 10. Nxf4 Ne5 11. d4 Ng6 12. Nxg6 hxg6 13. e4 c5 14. d5 Nc4
15. Bf4 g5 16. Qe2 gxf4 17. Qxc4 fxg3 18. e5 gxh2+ 19. Kh1 Bh4 20. Ne4 b5 21.
Qe2 Re8 22. e6 fxe6 23. Qh5 e5 24. Qf7+ Kh8 25. Nd6 Bg4 26. Qg6 1-0

[Event "Aeroflot Open 2012 B"]
[Site "Moscow"]
[Date "2012.02.14"]
[Round "8"]
[White "Bakre, Tejas"]
[Black "Sundararajan, Kidambi"]
[Result "1/2-1/2"]
[WhiteElo "2509"]
[BlackElo "2474"]
[PlyCount "64"]
[EventDate "2012.02.07"]
[EventType "swiss"]

1. c4 c5 2. g3 g6 3. Bg2 Bg7 4. Nc3 Nc6 5. Nf3 e6 6. O-O Nge7 7. d3 O-O 8. Bg5
d5 9. Qc1 Qd7 10. Rd1 b6 11. cxd5 exd5 12. Bxe7 Nxe7 13. d4 cxd4 14. Nxd4 Bb7
15. Qg5 Rac8 16. Rd2 Rfe8 17. Rad1 Rc4 18. Rd3 h6 19. Qd2 h5 20. Nb3 Qc8 21.
Nd4 Qd7 22. Nc2 Qc8 23. Ne3 Rc5 24. Ncxd5 Nxd5 25. Bxd5 Bxd5 26. Rxd5 Rxd5 27.
Nxd5 Qc4 28. Nc3 Bxc3 29. Qxc3 Qxc3 30. bxc3 Rxe2 31. a4 Rc2 32. Rd7 Rxc3
1/2-1/2

[Event "Aeroflot Open 2012 B"]
[Site "Moscow"]
[Date "2012.02.14"]
[Round "8"]
[White "Karavade, Eesha"]
[Black "Ovetchkin, Roman"]
[Result "0-1"]
[WhiteElo "2354"]
[BlackElo "2507"]
[PlyCount "70"]
[EventDate "2012.02.07"]
[EventType "swiss"]

1. d4 Nf6 2. c4 c5 3. d5 b5 4. Nd2 bxc4 5. e4 c3 6. bxc3 d6 7. Ngf3 g6 8. Qc2
Bg7 9. Bb2 O-O 10. c4 e6 11. Bd3 Na6 12. a3 Qe8 13. O-O e5 14. Ne1 Nh5 15. g3
Bh3 16. Ng2 f5 17. f4 Rb8 18. Bc3 exf4 19. exf5 fxg3 20. Rae1 Qd7 21. hxg3 gxf5
22. Rf2 Bd4 23. Bxd4 cxd4 24. Re6 Qg7 25. Bxf5 d3 26. Qxd3 Nc5 27. Qe2 Bxf5 28.
Rxf5 Nxe6 29. dxe6 Nxg3 30. Rxf8+ Rxf8 31. Qd3 Qd4+ 32. Qxd4 Ne2+ 33. Kh2 Nxd4
34. Ne4 Nxe6 35. Nxd6 Rf3 0-1

[Event "Aeroflot Open 2012 B"]
[Site "Moscow"]
[Date "2012.02.14"]
[Round "8"]
[White "Illner, Achim"]
[Black "Deepan Chakkravarthy J."]
[Result "1/2-1/2"]
[WhiteElo "2375"]
[BlackElo "2495"]
[PlyCount "61"]
[EventDate "2012.02.07"]
[EventType "swiss"]

1. Nf3 Nf6 2. c4 e6 3. g3 d5 4. Bg2 d4 5. O-O c5 6. e3 Nc6 7. exd4 cxd4 8. d3
Bd6 9. Bg5 h6 10. Bxf6 Qxf6 11. Nbd2 Qd8 12. a3 a5 13. Ne1 O-O 14. f4 Qc7 15.
Ne4 Be7 16. Qh5 Bd7 17. Nf3 a4 18. Nfd2 f5 19. Nf2 Kh7 20. Nh3 g6 21. Qe2 Bf6
22. Nf3 Rae8 23. Qc2 Nd8 24. Rae1 Nf7 25. Qd2 Rg8 26. Qe2 e5 27. fxe5 Nxe5 28.
Nxe5 Rxe5 29. Qf2 g5 30. Rxe5 Bxe5 31. Qe2 1/2-1/2

[Event "Aeroflot Open 2012 B"]
[Site "Moscow"]
[Date "2012.02.14"]
[Round "8"]
[White "Zhai, Mo"]
[Black "Mozharov, Mikhail"]
[Result "0-1"]
[WhiteElo "2191"]
[BlackElo "2478"]
[PlyCount "134"]
[EventDate "2012.02.07"]
[EventType "swiss"]

1. e4 c5 2. Nf3 e6 3. d4 cxd4 4. Nxd4 Nc6 5. Nb5 d6 6. c4 a6 7. N5c3 Nf6 8. Na3
Be7 9. Be2 O-O 10. O-O b6 11. Be3 Bb7 12. f4 Qc7 13. Rc1 Nb8 14. Bf3 Nbd7 15.
Qe2 Rac8 16. g4 Nc5 17. Bf2 d5 18. cxd5 exd5 19. Nxd5 Nxd5 20. exd5 Qxf4 21.
Rc4 Qd6 22. b4 Na4 23. Bg3 Qd7 24. d6 Bxf3 25. Qxf3 Bf6 26. Qf5 Qxf5 27. Rxf5
b5 28. Rc7 Bd4+ 29. Kg2 Bb6 30. Rxc8 Rxc8 31. Re5 Kf8 32. Re7 Rc3 33. Rb7 Bd8
34. Nb1 Rc2+ 35. Kf3 Rb2 36. Na3 Rxa2 37. Nxb5 axb5 38. Rxb5 Ra3+ 39. Kg2 Nb6
40. Bf2 Ra6 41. Rc5 Ke8 42. Kf3 Kd7 43. Rh5 h6 44. Bd4 f6 45. h4 Ra3+ 46. Ke4
Ke6 47. Rc5 Ra4 48. Bc3 Nd7 49. Rc8 Bb6 50. Re8+ Kxd6 51. Kf5 Ra3 52. Bd2 Ne5
53. Re6+ Kd5 54. Rxb6 Rf3+ 55. Bf4 g6+ 56. Kxf6 Rxf4+ 57. Kg7 Rxg4 58. Kxh6
Rxh4+ 59. Kg5 Rh5+ 60. Kf4 Rf5+ 61. Kg3 g5 62. Rb8 Rf3+ 63. Kg2 Rb3 64. b5 Ke4
65. Rb7 Kf4 66. b6 Rb2+ 67. Kf1 Nf3 0-1

[Event "Aeroflot Open 2012 B"]
[Site "Moscow"]
[Date "2012.02.14"]
[Round "8"]
[White "Petrosian, Davit G"]
[Black "Romanko, Marina"]
[Result "0-1"]
[WhiteElo "2476"]
[BlackElo "2389"]
[PlyCount "104"]
[EventDate "2012.02.07"]
[EventType "swiss"]

1. e4 c6 2. d4 d5 3. e5 Bf5 4. Nc3 Qc7 5. h4 a6 6. h5 h6 7. g4 Bd7 8. f4 e6 9.
Nce2 c5 10. c3 cxd4 11. cxd4 Nc6 12. Nf3 Bb4+ 13. Kf2 Nge7 14. a3 Ba5 15. b4
Bb6 16. Be3 Ba7 17. Bh3 Nc8 18. f5 Nb6 19. Bf4 Nc4 20. Kg3 Qb6 21. Qd3 O-O-O
22. Rac1 Rde8 23. Rhf1 Kb8 24. Nc3 Nxd4 25. Nxd4 Qxd4 26. Qxd4 Bxd4 27. Nxd5
Bxe5 28. Rxc4 exd5 29. Rd4 Bxf4+ 30. Kxf4 Bc6 31. Bg2 Rd8 32. Rfd1 Rd6 33. R1d2
Re8 34. Bf3 f6 35. Bd1 Kc7 36. Bf3 Re5 37. Rd1 Rd7 38. R1d2 Kd6 39. a4 Bxa4 40.
Bxd5 Kc7 41. Be4 Rxd4 42. Rxd4 Bc6 43. Bc2 Re2 44. Bd3 Re5 45. Bc4 a5 46. bxa5
Rxa5 47. Bb3 Ra3 48. Bd1 b5 49. g5 hxg5+ 50. Kg4 Bg2 51. h6 Bh3+ 52. Kh5 Bxf5
0-1

[Event "Aeroflot Open 2012 B"]
[Site "Moscow"]
[Date "2012.02.14"]
[Round "8"]
[White "Rychagov, Andrey"]
[Black "Swayams, Mishra"]
[Result "1-0"]
[WhiteElo "2542"]
[BlackElo "2386"]
[PlyCount "73"]
[EventDate "2012.02.07"]
[EventType "swiss"]

1. d4 Nf6 2. c4 e6 3. Nc3 d5 4. Bg5 Nbd7 5. e3 Bb4 6. cxd5 exd5 7. Bd3 c5 8.
Nge2 Qa5 9. O-O c4 10. Bc2 O-O 11. a3 Bxc3 12. Nxc3 Re8 13. Qd2 b5 14. f3 Bb7
15. e4 Qb6 16. Rae1 a5 17. Qf2 h6 18. Bxf6 Nxf6 19. e5 Nd7 20. f4 b4 21. Ne2
Ba6 22. Ba4 Bb5 23. Bxb5 Qxb5 24. f5 bxa3 25. bxa3 Qb2 26. Qf3 Rad8 27. f6 gxf6
28. Qg4+ Kh8 29. Qh4 Qc2 30. Qxh6+ Qh7 31. Qe3 Qe4 32. Qh6+ Qh7 33. Qc1 fxe5
34. Rf3 Rg8 35. Kh1 Rg4 36. Rh3 exd4 37. Nxd4 1-0